[Event "London Classic - FIDE Open"]
[Site "Olympia"]
[Date "2009.12.10"]
[Round "3"]
[White "Gregory, Philip J"]
[Black "Andrews, Garth J"]
[Result "1-0"]
[WhiteElo "2110"]
[BlackElo "1650"]
[PlyCount "67"]
[EventDate "2009.??.??"]

1. e4 d6 2. d4 Nf6 3. Nc3 g6 4. Be3 Bg7 5. f3 O-O 6. Qd2 c6 7. O-O-O b5 8. g4
a5 9. h4 Ba6 10. h5 b4 11. Nce2 Bc4 12. Kb1 Na6 13. Bh6 a4 14. Ng3 Bxa2+ 15.
Kxa2 b3+ 16. Kb1 bxc2+ 17. Kxc2 Qb6 18. Bxg7 Qb3+ 19. Kc1 Nb4 20. Bxf8 a3 21.
bxa3 Na2+ 22. Qxa2 Qxa2 23. Bd3 Kxf8 24. N1e2 Qxa3+ 25. Kd2 Qb4+ 26. Ke3 c5 27.
hxg6 fxg6 28. g5 cxd4+ 29. Kf2 Nh5 30. Nxh5 gxh5 31. Rxh5 Kg7 32. e5 dxe5 33.
Rxh7+ Kg8 34. Rdh1 1-0

[Event "London Classic - FIDE Open"]
[Site "Olympia"]
[Date "2009.12.10"]
[Round "3"]
[White "Campbell, Eoin"]
[Black "Hodgson, John H"]
[Result "1/2-1/2"]
[WhiteElo "1910"]
[BlackElo "2189"]
[PlyCount "52"]
[EventDate "2009.??.??"]

1. Nf3 Nf6 2. c4 g6 3. g3 Bg7 4. Bg2 O-O 5. O-O d5 6. cxd5 Nxd5 7. d4 Nc6 8.
Nc3 Nb6 9. Bf4 Be6 10. Qc1 Nxd4 11. Nxd4 Qxd4 12. Nb5 Qxb2 13. Qxb2 Bxb2 14.
Rab1 Na4 15. Nxc7 Bxa2 16. Nxa8 Bxb1 17. Rxb1 e5 18. Bd2 Rxa8 19. Bxb7 Rd8 20.
Ba5 Rd6 21. Be4 Bc3 22. Bc7 Rd2 23. Rb8+ Kg7 24. e3 Nc5 25. Bc6 Ne6 26. Rb7
Nxc7 1/2-1/2

[Event "London Classic - FIDE Open"]
[Site "Olympia"]
[Date "2009.12.10"]
[Round "3"]
[White "Healeas, Simon"]
[Black "Player, Edmund C"]
[Result "0-1"]
[WhiteElo "1801"]
[BlackElo "2149"]
[PlyCount "126"]
[EventDate "2009.??.??"]

1. d4 d5 2. Bf4 Nf6 3. e3 c5 4. c3 Qb6 5. Qc1 Bf5 6. Nf3 Nc6 7. Nbd2 e6 8. h3
Rc8 9. a3 Be7 10. Be2 O-O 11. O-O a6 12. Rd1 Qa7 13. Nf1 Ne4 14. Ne5 Na5 15.
Ra2 f6 16. Nf3 Nxf2 17. Ng3 Nxd1 18. Nxf5 exf5 19. Qxd1 c4 20. Ra1 Qb6 21. Qc2
g5 22. Bh2 Qe6 23. Re1 Qe4 24. Qa4 Nc6 25. Bd1 Qe6 26. Qc2 Nd8 27. Qf2 Nf7 28.
Bc2 Bd6 29. Rf1 Rce8 30. Re1 Bxh2+ 31. Kxh2 Nd6 32. h4 Ne4 33. Qe2 g4 34. Bxe4
Qxe4 35. Nd2 Qc2 36. Rf1 Qd3 37. Qf2 Qxe3 38. Qxe3 Rxe3 39. Rxf5 Rd8 40. Nf1
Re2 41. Ng3 Rxb2 42. Nh5 Rb3 43. Nxf6+ Kg7 44. Nxd5 Rb5 45. Rg5+ Kh8 46. Ne3
Rxg5 47. hxg5 b5 48. Kg3 a5 49. Kxg4 b4 50. axb4 axb4 51. cxb4 Rxd4+ 52. Kf3 c3
53. Ke2 Rd7 54. Ke1 Kg7 55. b5 Rb7 56. Kd1 Kg6 57. Kc1 Rxb5 58. Kc2 Rc5 59. Nd1
Kxg5 60. Nxc3 Kg4 61. Kd3 Rxc3+ 62. Kxc3 Kg3 63. Kd4 h5 0-1

[Event "London Classic - FIDE Open"]
[Site "Olympia"]
[Date "2009.12.10"]
[Round "3"]
[White "Tozer, Philip"]
[Black "Doran, Chris"]
[Result "1/2-1/2"]
[WhiteElo "2106"]
[BlackElo "1963"]
[PlyCount "130"]
[EventDate "2009.??.??"]

1. c4 Nf6 2. Nc3 g6 3. g3 Bg7 4. Bg2 O-O 5. d3 e5 6. e4 d6 7. Nge2 Nc6 8. O-O
Nh5 9. Nd5 f5 10. exf5 gxf5 11. f4 Be6 12. Rb1 Nf6 13. Nec3 Rb8 14. b4 Nd4 15.
b5 Qd7 16. Ba3 Rfe8 17. Nxf6+ Bxf6 18. Nd5 Bg7 19. Qd2 e4 20. dxe4 fxe4 21. Bb2
Bxd5 22. cxd5 e3 23. Qd3 Qf5 24. Qxf5 Nxf5 25. Bxg7 Kxg7 26. Rb4 Re7 27. Re1
Rbe8 28. Re2 Kf6 29. Bf3 h6 30. Kg2 Rg8 31. Be4 Nh4+ 32. Kh3 Rge8 33. Bh1 Ng6
34. Kg4 Nf8 35. Kf3 Nd7 36. g4 Nb6 37. Kg3 Nd7 38. Rb3 Nc5 39. Rc3 Na4 40. Rc1
Nc5 41. Rc3 Na4 42. Rb3 Nc5 43. Ra3 a5 44. Kf3 Ne4 45. Rexe3 Nd2+ 46. Kf2 Nc4
47. Rxe7 Rxe7 48. Rd3 Nb2 49. Rd4 a4 () {=} 50. Be4 Nd1+ 51. Ke2 Nc3+ 52. Kf3
a3 53. h4 Nxa2 54. g5+ hxg5 55. hxg5+ Kf7 56. Rd3 Nc1 57. Rxa3 Ne2 58. Re3 Nd4+
59. Kg4 Nxb5 60. Bg6+ Kf8 61. Rb3 c6 () {=} 62. Rh3 cxd5 63. f5 Re4+ 64. Kf3
Nd4+ 65. Kg3 Re3+ 1/2-1/2

[Event "London Classic - FIDE Open"]
[Site "Olympia"]
[Date "2009.12.10"]
[Round "3"]
[White "Hoffmann, Piotr"]
[Black "Bass, John W"]
[Result "0-1"]
[WhiteElo "1748"]
[BlackElo "2068"]
[PlyCount "84"]
[EventDate "2009.??.??"]

1. Nc3 c5 2. d4 cxd4 3. Qxd4 Nc6 4. Qh4 Nf6 5. Bg5 e6 6. Bxf6 Qxf6 7. Qxf6 gxf6
8. e4 Bb4 9. O-O-O a6 10. Nf3 b5 11. g3 Bb7 12. Bg2 Rc8 13. Rhe1 Na5 14. Rd3
Nc4 15. Nd2 Ne5 16. Rde3 Ng4 17. R3e2 Bxc3 18. bxc3 Rxc3 19. f3 Ne5 20. Kb2 Rc7
21. f4 Nc6 22. c3 Ke7 23. e5 f5 24. Nb3 Nd8 25. Bxb7 Nxb7 26. Rd2 d5 27. Re3
Rhc8 28. Rd4 Rc4 29. Red3 Kd7 30. Re3 Nc5 31. Rxc4 bxc4 32. Nxc5+ Rxc5 33. Re2
Rb5+ 34. Ka3 Kc6 35. Rd2 Kc5 36. Ka4 Rb1 37. Ka5 Rc1 38. Kxa6 Rxc3 39. Kb7 d4
40. Kc7 d3 41. Kd7 Ra3 42. Ke7 Ra7+ 0-1

[Event "London Classic - FIDE Open"]
[Site "Olympia"]
[Date "2009.12.10"]
[Round "3"]
[White "Milnes, Anthony C P"]
[Black "Bishop, Geoffrey L"]
[Result "1-0"]
[WhiteElo "2064"]
[BlackElo "1839"]
[PlyCount "115"]
[EventDate "2009.??.??"]

1. f4 Nf6 2. Nf3 g6 3. d3 d5 4. e3 Bg7 5. Be2 O-O 6. O-O c5 7. Nc3 Nc6 8. Ne5
d4 9. Nxc6 bxc6 10. Ne4 Nxe4 11. dxe4 dxe3 12. c3 Qb6 13. Qc2 c4 14. Rf3 Rb8
15. Kh1 e5 16. g3 Be6 17. Rb1 f5 18. Bxe3 Qb7 19. Kg1 fxe4 20. Qxe4 Qa6 21.
Rff1 Qxa2 22. Qxc6 Bf7 23. Qc5 exf4 24. Bxf4 Rfc8 25. Qe3 Rxb2 26. Ra1 Qb3 27.
Rxa7 Re8 28. Re7 Rxe7 29. Qxe7 Bf8 30. Qe3 Qb5 31. Be5 Bc5 32. Bd4 Bxd4 33.
cxd4 Rb1 34. Qf2 Rxf1+ 35. Bxf1 Qd5 36. Bg2 Qf5 37. Qxf5 gxf5 38. Bf1 Kf8 39.
Kf2 Ke7 40. Ke3 Kd6 41. Kd2 Kc6 42. Kc3 Kb5 43. Bg2 h6 44. Bb7 Be6 45. h4 Kb6
46. Bf3 Kb5 47. d5 Bf7 48. Kd4 c3 49. Bd1 Kb4 50. Bc2 Bg6 51. d6 Be8 52. Bxf5
Kb3 53. Ke5 c2 54. Bxc2+ Kxc2 55. g4 Kd3 56. g5 hxg5 57. hxg5 Kc4 58. g6 1-0

[Event "London Classic - FIDE Open"]
[Site "Olympia"]
[Date "2009.12.10"]
[Round "3"]
[White "Green, Eliot W"]
[Black "Har-Even, Abir"]
[Result "0-1"]
[WhiteElo "1522"]
[BlackElo "2045"]
[PlyCount "84"]
[EventDate "2009.??.??"]

1. d4 f5 2. Nc3 d5 3. f4 Nf6 4. Nf3 c6 5. e3 e6 6. Be2 b6 7. O-O Ba6 8. Ne5
Bxe2 9. Qxe2 Bd6 10. a3 O-O 11. b4 Nfd7 12. Bb2 Nxe5 13. dxe5 Be7 14. Rad1 Nd7
15. Rd3 b5 16. Rfd1 Nb6 17. Bc1 Nc4 18. e4 Qb6+ 19. Be3 Nxe3 20. Rxe3 d4 21.
Red3 dxc3+ 22. Kh1 Rad8 23. Rd7 Rxd7 24. Rxd7 Re8 25. exf5 exf5 26. Qd3 Qf2 27.
g3 a5 28. bxa5 Bc5 29. Rxg7+ Kxg7 30. Qd7+ Re7 31. Qd1 Qg1+ 32. Qxg1 Bxg1 33.
Kxg1 c5 34. Kf2 Rd7 35. Ke3 Kf7 36. h3 b4 37. axb4 cxb4 38. a6 b3 39. cxb3 c2
40. a7 c1=Q+ 41. Ke2 Rd2+ 42. Kf3 Qc3# 0-1

[Event "London Classic - FIDE Open"]
[Site "Olympia"]
[Date "2009.12.10"]
[Round "3"]
[White "Seymour, Timothy P"]
[Black "Chidi, Lovinia Sylvia"]
[Result "1-0"]
[WhiteElo "2041"]
[BlackElo "1819"]
[PlyCount "77"]
[EventDate "2009.??.??"]

1. e4 c5 2. c3 d6 3. d4 cxd4 4. cxd4 Nf6 5. Nc3 e6 6. Bg5 Be7 7. Qd2 a6 8. a4
O-O 9. h3 Nc6 10. Rc1 d5 11. e5 Nd7 12. Bxe7 Qxe7 13. Nf3 f5 14. Bd3 Ndb8 15.
h4 Bd7 16. Bb1 Nb4 17. h5 N8c6 18. Qf4 Rac8 19. Ke2 Na5 20. g4 Nb3 21. Rcg1
fxg4 22. Qxg4 Qf7 23. Bxh7+ Kh8 24. h6 Nxd4+ 25. Kf1 g6 () {=} 26. Qxd4 Qxf3
27. Bxg6 Rc4 28. Qd2 Rg4 29. Rxg4 Qxh1+ 30. Rg1 Qh3+ () {=} 31. Ke1 Qh2 32. Rg3
Qh4 33. Ne4 Qh1+ 34. Ke2 Nc6 35. Ng5 Rxf2+ 36. Kxf2 Qh2+ 37. Rg2 Qh4+ 38. Kg1
Nxe5 39. Nf7+ 1-0

[Event "London Classic - FIDE Open"]
[Site "Olympia"]
[Date "2009.12.10"]
[Round "3"]
[White "Phillips, Owen S"]
[Black "Burnham, Frank"]
[Result "1-0"]
[WhiteElo "2003"]
[BlackElo "1812"]
[PlyCount "57"]
[EventDate "2009.??.??"]

1. e4 c5 2. Nc3 e6 3. Nf3 a6 4. d4 cxd4 5. Nxd4 Qc7 6. a3 Nf6 7. f4 d6 8. Be2
Be7 9. O-O O-O 10. Be3 Nbd7 11. g4 Nc5 12. Bf3 e5 13. Nf5 Bxf5 14. exf5 Ne8 15.
Nd5 Qd8 16. b4 Nd7 17. Nxe7+ Qxe7 18. Bxb7 Nef6 19. g5 exf4 20. Bxf4 Ne4 21.
Re1 Ndc5 22. Bxa8 Rxa8 23. bxc5 dxc5 24. Qd5 Re8 25. Re3 c4 26. Rae1 Qa7 27.
Kg2 Nf6 28. Rxe8+ Nxe8 29. Rxe8# 1-0

[Event "London Classic - FIDE Open"]
[Site "Olympia"]
[Date "2009.12.10"]
[Round "3"]
[White "Valentine, Brian J"]
[Black "Shaw, Robin A"]
[Result "0-1"]
[WhiteElo "1978"]
[BlackElo "1822"]
[PlyCount "78"]
[EventDate "2009.??.??"]

1. e4 g6 2. d4 Bg7 3. Nc3 d6 4. Nf3 Nd7 5. Be2 e5 6. O-O Ne7 7. Bg5 h6 8. Be3
O-O 9. Qd2 Kh7 10. Rad1 Nc6 11. h3 f5 12. dxe5 Ndxe5 13. Nd4 f4 14. Nxc6 fxe3
15. Nxd8 exd2 16. Nxb7 Bxb7 17. Rxd2 g5 18. f3 Rf7 19. Nd5 Bxd5 20. Rxd5 Ng6
21. Bc4 Re7 22. b3 Ne5 23. Ba6 Rb8 24. Rfd1 Nc6 25. Bd3 Kh8 26. Kf1 Re5 27. c4
Nb4 28. Rxe5 Bxe5 29. Bb1 Kg7 30. a3 Nc6 31. b4 Kf6 32. b5 Nd4 33. h4 Ne6 34.
hxg5+ hxg5 35. Ke2 Rh8 36. Kf2 Bd4+ 37. Kg3 Bc5 38. a4 Nf4 39. Re1 Rh4 0-1

[Event "London Classic - FIDE Open"]
[Site "Olympia"]
[Date "2009.12.10"]
[Round "3"]
[White "Boger, Raymond"]
[Black "Tarun, Malhotra"]
[Result "1-0"]
[WhiteElo "1959"]
[BlackElo "1735"]
[PlyCount "105"]
[EventDate "2009.??.??"]

1. c4 Nf6 2. g3 e5 3. Bg2 d5 4. cxd5 Nxd5 5. Nf3 Nc6 6. Nc3 Nb6 7. O-O Be7 8.
a3 O-O 9. b4 a6 10. Rb1 f5 11. d3 Be6 12. Bb2 g5 13. b5 axb5 14. Nxb5 Bf6 15.
Qc1 Ba2 16. Ra1 Bd5 17. d4 g4 18. dxe5 Be7 19. Rd1 gxf3 20. Bxf3 Bg5 21. Qc5
Ne7 22. Nxc7 Na4 23. Bxd5+ Kh8 24. Ne6 Nxc5 25. Nxd8 Rfxd8 26. Ba2 Na4 27. Bd4
Nc6 28. e3 Nxd4 29. Rxd4 Nc3 30. Rxd8+ Rxd8 31. Be6 Rf8 32. Kg2 Bd8 33. Rc1 Ba5
34. Rc2 Kg7 35. Rb2 b6 36. Rd2 Kg6 37. f3 Re8 38. Rd6 Nb5 39. Rc6 Na7 40. Bd7+
Nxc6 41. Bxe8+ Kg5 42. Bxc6 Bd2 43. f4+ Kg6 44. Kf3 Bc1 45. a4 Ba3 46. e4 fxe4+
47. Bxe4+ Kg7 48. Kg4 Be7 49. f5 Bf8 50. f6+ Kh6 51. Kf5 Kh5 52. Bf3+ Kh6 53.
g4 1-0

[Event "London Classic - FIDE Open"]
[Site "Olympia"]
[Date "2009.12.10"]
[Round "3"]
[White "Hamzah Mohd Zuhri, Amier"]
[Black "Millward, Kevin P"]
[Result "1-0"]
[WhiteElo "1730"]
[BlackElo "1942"]
[PlyCount "88"]
[EventDate "2009.??.??"]

1. d4 Nf6 2. Nf3 d6 3. c4 c6 4. Nc3 Bg4 5. Bg5 Nbd7 6. g3 h6 7. Bd2 e5 8. dxe5
dxe5 9. Bg2 Qb6 10. O-O e4 11. Ne1 Bf5 12. Nc2 Ne5 13. Be3 Qc7 14. Nd4 Bg6 15.
Qb3 Be7 16. Rfd1 O-O 17. Bf4 Rfe8 18. Bxe5 Qxe5 19. Qxb7 Bc5 20. Nxc6 Bxf2+ 21.
Kxf2 Ng4+ 22. Kg1 Qc5+ 23. Nd4 Ne3 24. Qb5 Qxb5 25. Ndxb5 Nxd1 26. Rxd1 Rab8
27. b3 Re7 28. Rd4 f5 29. Nd5 Rf7 30. b4 a6 31. Nbc7 Rxc7 32. Nxc7 Rxb4 33.
Nxa6 Rb7 34. a4 Rb1+ 35. Bf1 Bh5 36. Kf2 e3+ 37. Kg2 Rb2 38. Rd8+ Kh7 39. Rd3
Bxe2 40. Bxe2 Rxe2+ 41. Kf3 Rc2 42. c5 e2 43. Re3 Rc4 44. Rxe2 Rxa4 1-0

[Event "London Classic - FIDE Open"]
[Site "Olympia"]
[Date "2009.12.10"]
[Round "3"]
[White "Golebiowski, Adam"]
[Black "Posylek, Caesar Cezary"]
[Result "0-1"]
[WhiteElo "1925"]
[BlackElo "1708"]
[PlyCount "102"]
[EventDate "2009.??.??"]

1. d4 e6 2. Nf3 c5 3. e3 d5 4. c4 cxd4 5. exd4 Bb4+ 6. Nc3 Nf6 7. a3 Bxc3+ 8.
bxc3 Nc6 9. Bd3 Qc7 10. O-O O-O 11. cxd5 exd5 12. h3 Re8 13. Qc2 h6 14. Bd2 Bd7
15. Rfe1 Rac8 16. Rab1 a6 17. Bf5 Rxe1+ 18. Rxe1 Re8 19. Rxe8+ Nxe8 20. Bd3 Be6
21. Qc1 Qd7 22. Kh2 Bf5 23. Bf1 Nd6 24. c4 dxc4 25. Bxc4 Nxc4 26. Qxc4 Qd6+ 27.
g3 Be4 28. Bf4 Qd5 29. Nd2 Qxc4 30. Nxc4 Nxd4 31. g4 b5 32. Nd2 Bd5 33. Bd6 f5
34. f4 Nf3+ 35. Nxf3 Bxf3 36. Kg3 fxg4 37. hxg4 Be4 38. Kf2 g6 39. Ke3 Bh1 40.
Bb4 Kf7 41. Bc3 Ke6 42. Bg7 h5 43. f5+ Kf7 44. fxg6+ Kxg7 45. gxh5 Kh6 46. Kd4
Bf3 47. Kc5 Bxh5 48. Kb6 Be2 49. Kc5 Kxg6 50. Kb4 Kf6 51. a4 Ke6 0-1

[Event "London Classic - FIDE Open"]
[Site "Olympia"]
[Date "2009.12.10"]
[Round "3"]
[White "Cork, David J"]
[Black "Sabin, Frank"]
[Result "1-0"]
[WhiteElo "1882"]
[BlackElo "1690"]
[PlyCount "23"]
[EventDate "2009.??.??"]

1. e4 c5 2. Nf3 Nc6 3. d4 cxd4 4. Nxd4 e5 5. Nb5 a6 6. N5c3 Nf6 7. Bg5 Be7 8.
Nd2 O-O 9. Bd3 Nxe4 10. Bxe7 Nxc3 11. Bxh7+ Kh8 12. Qh5 1-0

[Event "London Classic - FIDE Open"]
[Site "Olympia"]
[Date "2009.12.10"]
[Round "3"]
[White "Tenioso, Jaydee"]
[Black "Bratteteig, Tore-Inge"]
[Result "1-0"]
[WhiteElo "1861"]
[BlackElo "1679"]
[PlyCount "93"]
[EventDate "2009.??.??"]

1. d4 d5 2. e3 Nf6 3. Bd3 e6 4. Nd2 c5 5. c3 Nc6 6. f4 c4 7. Bc2 b5 8. a3 a5 9.
Ngf3 Bd6 10. Ne5 Bb7 11. O-O O-O 12. Qf3 b4 13. g4 b3 14. Bb1 Bxe5 15. fxe5 Ne8
16. Qh3 g6 17. Qh6 f5 18. gxf5 exf5 19. Nf3 Qe7 20. Ng5 Qg7 21. Qh4 Nc7 22. Bd2
Rae8 23. Kh1 Ne6 24. Nxe6 Rxe6 25. Rg1 Qe7 26. Qf2 Qf7 27. h3 Nd8 28. Kh2 Kh8
29. Qh4 Qe7 30. Qg5 Qf7 31. Qf4 Re7 32. Be1 Ne6 33. Qh6 Qg7 34. Qh4 Qf7 35.
Rxg6 Qxg6 36. Qxe7 Rf7 37. Qe8+ Nf8 38. Bh4 Qh5 39. Bf6+ Kg8 40. Bd3 cxd3 41.
Rg1+ Qg6 42. Rxg6+ hxg6 43. Qb5 Nd7 44. e6 Rxf6 45. exd7 Rd6 46. Qxb7 d2 47.
Qxb3 1-0

[Event "London Classic - FIDE Open"]
[Site "Olympia"]
[Date "2009.12.10"]
[Round "3"]
[White "Reutimann, Hans Peter"]
[Black "Miotti, David"]
[Result "1/2-1/2"]
[WhiteElo "1853"]
[BlackElo "1380"]
[PlyCount "117"]
[EventDate "2009.??.??"]

1. d4 Nf6 2. Nf3 g6 3. Bf4 Bg7 4. e3 O-O 5. Nbd2 d6 6. c3 c5 7. Bc4 d5 8. Bb3
Nbd7 9. h3 b6 10. O-O Ba6 11. Re1 Bd3 12. Bc2 Bxc2 13. Qxc2 Re8 14. Rad1 Nh5
15. Bh2 e5 16. dxe5 Nxe5 17. Bxe5 Bxe5 18. Qb3 Bc7 19. Nf1 c4 20. Qc2 Nf6 21.
b3 b5 22. N1d2 Qe7 23. Nd4 a6 24. N2f3 cxb3 25. axb3 Rec8 26. Qb2 Ne4 27. Rd3
Qf6 28. Rc1 Bd6 29. Ne2 b4 30. Rxd5 bxc3 31. Qc2 Qe6 32. Rd4 f5 33. Rcd1 Bc5
34. R4d3 Rab8 35. Ned4 Qe7 36. Qa2 Qf6 37. b4+ Kg7 38. bxc5 Rxc5 39. Ne6+ Kh6
40. Nxc5 Rb2 41. Qc4 Nxf2 42. Qxc3 Qxc3 43. Rxc3 Nxd1 44. Ra3 a5 45. Kf1 Rb5
46. Ne6 Rb6 47. Ned4 a4 48. Ke2 Nb2 49. Nd2 Kg5 50. g3 h5 51. N4f3+ Kf6 52. e4
Rb4 53. e5+ Ke6 54. Rc3 Rb6 55. Rc8 Ra6 56. Rd8 a3 57. Rd6+ Rxd6 58. exd6 Kxd6
59. Nb3 {no more legible moves recorded} 1/2-1/2

[Event "London Classic - FIDE Open"]
[Site "Olympia"]
[Date "2009.12.11"]
[Round "4"]
[White "Crawley, Gavin"]
[Black "Hammer, Jon Ludvig"]
[Result "0-1"]
[WhiteElo "2407"]
[BlackElo "2588"]
[PlyCount "114"]
[EventDate "2009.??.??"]

1. e4 c6 2. d4 d5 3. Nc3 dxe4 4. Nxe4 Nd7 5. Nf3 Ngf6 6. Nxf6+ Nxf6 7. Ne5 g6
8. Bc4 Nd5 9. O-O Bg7 10. Re1 O-O 11. c3 Be6 12. Bb3 Qc7 13. Bg5 c5 14. Nf3 c4
15. Bc2 Bg4 16. h3 Bf5 17. Bxf5 gxf5 18. Qc2 e6 19. g4 fxg4 20. hxg4 f5 21.
Rxe6 fxg4 22. Ne5 Nf4 23. Bxf4 Rxf4 24. Re1 Raf8 25. Re2 Qd8 26. Qa4 g3 27. f3
Qh4 28. Qxc4 Kh8 29. Qd5 g2 30. Kxg2 R4f5 31. Qe4 Rg5+ 32. Ng4 h5 33. Rg6 hxg4
34. fxg4 Rxg6 35. Qxg6 Bh6 36. Qh5 Qf6 37. Qe5 Kg7 38. Qxf6+ Kxf6 39. Rf2+ Kg5
40. Rxf8 Bxf8 41. Kf3 Bh6 42. a4 Kf6 43. Ke4 Bc1 44. b4 Bd2 45. Kd3 Be1 46. b5
Kg5 47. c4 Kxg4 48. Ke4 Bg3 49. c5 Kg5 50. Kd5 Kf6 51. a5 Ke7 52. b6 a6 53. c6
Kd8 54. Kc5 Kc8 55. d5 Bf2+ 56. Kd6 Be1 57. Ke7 Bxa5 0-1

[Event "London Classic - FIDE Open"]
[Site "Olympia"]
[Date "2009.12.11"]
[Round "4"]
[White "Hebden, Mark L"]
[Black "Buckley, Graeme N"]
[Result "1-0"]
[WhiteElo "2522"]
[BlackElo "2388"]
[PlyCount "133"]
[EventDate "2009.??.??"]

1. d4 Nf6 2. Nf3 e6 3. c3 c5 4. Bg5 h6 5. Bxf6 Qxf6 6. e4 cxd4 7. cxd4 Bb4+ 8.
Nc3 O-O 9. Rc1 d6 10. a3 Bxc3+ 11. Rxc3 e5 12. d5 Bg4 13. Be2 Nd7 14. O-O Rac8
15. Re3 Qe7 16. Qd2 Rc7 17. Ne1 Bxe2 18. Rxe2 f5 19. exf5 Rxf5 20. Nc2 Qf7 21.
Ne3 Rf4 22. Rc1 Nb6 23. Rxc7 Qxc7 24. Re1 Rd4 25. Qe2 Qf7 26. Rc1 Nxd5 27. Rc8+
Kh7 28. Qc2+ e4 29. Nf1 Qe6 30. Rb8 b6 31. h3 Rd3 32. Kh2 Qe5+ 33. Ng3 Ne7 34.
Re8 d5 35. Qe2 Rd4 36. Qg4 Rc4 37. b3 Rc6 38. h4 e3 39. fxe3 Re6 40. Qf4 Qxe3
41. Qf8 Qd4 42. Kh3 Qxh4+ 43. Kxh4 Ng6+ 44. Kg4 Nxf8 45. Rxf8 Kg6 46. Nh5 Re3
47. Nf4+ Kh7 48. Rf7 a5 49. Nh5 Kg8 50. Rxg7+ Kf8 51. Rb7 Rxb3 52. Kf5 Ke8 53.
g4 d4 54. a4 d3 55. Ke6 Kd8 56. Nf6 Kc8 57. Rd7 b5 58. axb5 a4 59. Ne4 a3 60.
Ra7 Kb8 61. Ra4 Kc7 62. Nd2 Rb2 63. Nc4 Re2+ 64. Kf5 a2 65. Kg6 Rh2 66. Ra7+
Kb8 67. b6 {many more unrecorded moves, ending in White winning K+Q v K+R} 1-0

[Event "London Classic - FIDE Open"]
[Site "Olympia"]
[Date "2009.12.11"]
[Round "4"]
[White "Gullaksen, Eirik"]
[Black "McDonald, Neil"]
[Result "1-0"]
[WhiteElo "2400"]
[BlackElo "2412"]
[PlyCount "81"]
[EventDate "2009.??.??"]

1. e4 e6 2. d4 d5 3. Nc3 Nf6 4. Bg5 Bb4 5. Nge2 dxe4 6. a3 Be7 7. Bxf6 gxf6 8.
Nxe4 b6 9. Qd3 Bb7 10. O-O-O Nd7 11. g4 c6 12. Qg3 Qb8 13. Bg2 Qxg3 14. hxg3
O-O-O 15. Rh5 c5 16. N2c3 cxd4 17. Rxd4 Ne5 18. Rxd8+ Kxd8 19. f3 Bc5 20. Nxc5
bxc5 21. Nb5 Bxf3 22. Bxf3 Nxf3 23. Rxc5 a6 24. Nd6 Kd7 25. Ne4 e5 26. Nxf6+
Ke7 27. Rc6 a5 28. Nd5+ Kd7 29. Ra6 Nd4 30. Rxa5 Ne2+ 31. Kd2 Nxg3 32. Ke3 f5
33. gxf5 Nxf5+ 34. Kd3 h5 35. Nf6+ Ke6 36. Ra6+ Ke7 37. Ke4 Nd6+ 38. Kxe5 Nc4+
39. Kf5 Nxb2 40. Re6+ Kf7 41. Rb6 1-0

[Event "London Classic - FIDE Open"]
[Site "Olympia"]
[Date "2009.12.11"]
[Round "4"]
[White "Bellin, Robert"]
[Black "Williams, Simon K"]
[Result "0-1"]
[WhiteElo "2388"]
[BlackElo "2550"]
[PlyCount "48"]
[EventDate "2009.??.??"]

1. Nf3 f5 2. d3 d6 3. e4 e5 4. Nc3 c5 5. g3 Be7 6. Bh3 g6 7. exf5 h5 8. Bg2
gxf5 9. Bd2 Nc6 10. Qe2 Be6 11. h4 Nf6 12. Ng5 Bg8 13. f4 Nd4 14. Qd1 Ng4 15.
Nd5 e4 16. dxe4 Bxg5 17. hxg5 Bxd5 18. exd5 Qb6 19. c3 O-O-O 20. cxd4 Rde8+ 21.
Kf1 Qb5+ 22. Kg1 Qxb2 23. Be1 Re2 24. Bf3 Rh2 0-1

[Event "London Classic - FIDE Open"]
[Site "Olympia"]
[Date "2009.12.11"]
[Round "4"]
[White "Hennigan, Michael T"]
[Black "Wells, Peter K"]
[Result "1/2-1/2"]
[WhiteElo "2385"]
[BlackElo "2489"]
[PlyCount "99"]
[EventDate "2009.??.??"]

1. g3 g6 2. Bg2 Bg7 3. e4 d5 4. exd5 Nf6 5. Nc3 Nbd7 6. Nge2 Nb6 7. Nf4 Bg4 8.
Bf3 h5 9. d4 Qd7 10. O-O O-O-O 11. Re1 g5 12. Nd3 Nfxd5 13. Ne5 Bxe5 14. dxe5
Nxc3 15. Qxd7+ Nxd7 16. Bxg4 hxg4 17. bxc3 f6 18. exf6 exf6 19. Kg2 Rh3 20. c4
Rdh8 21. Rh1 Ne5 22. Bb2 Nf3 23. Bxf6 Rxh2+ 24. Rxh2 Rxh2+ 25. Kf1 Rh6 26. Bc3
Rc6 27. Ke2 b5 28. Kd3 Rxc4 29. Rb1 a6 30. a3 c5 31. Rh1 Ra4 32. Bb2 Kd7 33.
Rh6 a5 34. Ra6 c4+ 35. Ke2 Kc7 36. Bc1 Kb7 37. Rg6 b4 38. axb4 axb4 39. Bxg5
Ra2 40. Kd1 Ra1+ 41. Bc1 Ra8 42. Be3 Ra1+ 43. Bc1 Nh2 44. Re6 b3 45. cxb3 cxb3
46. Re3 Rb1 47. Re2 Kc6 48. Rb2 Rxb2 49. Bxb2 Kd5 50. Kd2 {some more moves:
Black won both f2 & g3 in exchange for b3, but made no further progress}
1/2-1/2

[Event "London Classic - FIDE Open"]
[Site "Olympia"]
[Date "2009.12.11"]
[Round "4"]
[White "Summerscale, Aaron P"]
[Black "Piper, Matthew S"]
[Result "0-1"]
[WhiteElo "2449"]
[BlackElo "2304"]
[PlyCount "118"]
[EventDate "2009.??.??"]

1. Nf3 d6 2. d4 Bg4 3. e4 Nf6 4. Nc3 e6 5. h3 Bh5 6. Qe2 a6 7. g4 Bg6 8. h4 h5
9. g5 Nfd7 10. Be3 c6 11. Nd2 d5 12. Bg2 Be7 13. f4 Nb6 14. O-O dxe4 15. Ndxe4
Bf5 16. Bf3 g6 17. Ng3 O-O 18. Rad1 Re8 19. Bc1 N8d7 20. Rfe1 Bb4 21. Nxf5 exf5
22. Qxe8+ Qxe8 23. Rxe8+ Rxe8 24. Ne2 Nd5 25. Kf2 b5 26. c3 Bd6 27. Bd2 f6 28.
b3 Ne7 29. Rc1 c5 30. Be3 Kf7 31. c4 bxc4 32. Rxc4 cxd4 33. Bxd4 fxg5 34. hxg5
Ke6 35. Ra4 Nb8 36. Ba7 Nec6 37. Be3 Kd7 38. Nc3 a5 39. Nd5 Re6 40. Rc4 Nb4 41.
Nb6+ Kd8 42. Rc8+ Ke7 43. Nd5+ Kd7 44. Rg8 N8c6 45. Bd2 Ne7 46. Rg7 Nbxd5 47.
Bxd5 Bc5+ 48. Kf3 Rd6 49. Bf7 Rxd2 50. Bxg6 h4 51. Bxf5+ Kd6 52. Be4 h3 53. Rh7
h2 54. Rh6+ Kd7 55. f5 Rf2+ 56. Kg4 Bd6 57. Bf3 Nxf5 58. Rh7+ Ke6 59. g6 Ne3+
0-1

[Event "London Classic - FIDE Open"]
[Site "Olympia"]
[Date "2009.12.11"]
[Round "4"]
[White "Rendle, Thomas E"]
[Black "Berzinsh, Roland"]
[Result "1-0"]
[WhiteElo "2382"]
[BlackElo "2424"]
[PlyCount "105"]
[EventDate "2009.??.??"]

1. e4 e5 2. Nf3 Nc6 3. Bc4 Nf6 4. d3 h6 5. O-O d6 6. c3 g6 7. d4 Qe7 8. dxe5
Nxe5 9. Nxe5 Qxe5 10. Nd2 Bg7 11. Qa4+ c6 12. Qa3 Qe7 13. Re1 O-O 14. e5 Re8
15. Nf3 dxe5 16. Qxe7 Rxe7 17. Rxe5 Rxe5 18. Nxe5 Nd5 19. Bxd5 cxd5 20. Nf3 Bg4
21. Be3 Bxf3 22. gxf3 a6 23. Rd1 Rd8 24. Bd4 Rd7 25. Kg2 f6 26. f4 Kf7 27. Kf3
Bf8 28. f5 h5 29. fxg6+ Kxg6 30. Rg1+ Kf5 31. Rg8 Bd6 32. Rh8 Kg6 33. h3 Be5
34. Rg8+ Kf7 35. Rc8 Kg6 36. a4 Rc7 37. Rg8+ Kf7 38. Bxe5 fxe5 39. Rg5 Kf6 40.
Rxh5 Rc4 41. Rh7 Rxa4 42. Rxb7 a5 43. Rb5 Ke6 44. Kg3 Ra1 45. h4 a4 46. h5 a3
47. bxa3 Rxa3 48. Kg4 Rxc3 49. h6 Kf7 50. Rxd5 Rc4+ 51. Kg5 Rf4 52. Rd8 Rxf2
53. h7 1-0

[Event "London Classic - FIDE Open"]
[Site "Olympia"]
[Date "2009.12.11"]
[Round "4"]
[White "Loeffler, Stefan"]
[Black "Storey, Charles H"]
[Result "1-0"]
[WhiteElo "2416"]
[BlackElo "2292"]
[PlyCount "59"]
[EventDate "2009.??.??"]

1. d4 c5 2. d5 g6 3. e4 Bg7 4. Nc3 Bxc3+ 5. bxc3 Qa5 6. Bd2 Nf6 7. c4 Qa4 8.
Bd3 d6 9. f4 b5 10. Ne2 bxc4 11. Nc3 Qa6 12. Be2 Nbd7 13. O-O Bb7 14. Rf2 e6
15. dxe6 fxe6 16. e5 d5 17. exf6 Nxf6 18. Bf3 Kf7 19. Rb1 Bc6 20. f5 gxf5 21.
Bxd5 Bxd5 22. Nxd5 Nxd5 23. Qh5+ Ke7 24. Bg5+ Kd6 25. Rxf5 Rae8 26. Rxd5+ Kxd5
27. Be7+ e5 28. Qf3+ e4 29. Qf5+ Kd4 30. Bf6+ 1-0

[Event "London Classic - FIDE Open"]
[Site "Olympia"]
[Date "2009.12.11"]
[Round "4"]
[White "Collyer, Curt D"]
[Black "Houska, Jovanka"]
[Result "0-1"]
[WhiteElo "2294"]
[BlackElo "2391"]
[PlyCount "82"]
[EventDate "2009.??.??"]

1. d4 Nf6 2. c4 c6 3. Nf3 d5 4. cxd5 cxd5 5. Nc3 Nc6 6. Bf4 a6 7. Rc1 Bf5 8. e3
Rc8 9. Ne5 Nxe5 10. dxe5 Ne4 11. Nxe4 Rxc1 12. Qxc1 Bxe4 13. e6 Qa5+ 14. Ke2
fxe6 15. f3 Bf5 16. a3 g5 17. Be5 Rg8 18. g4 Bg6 19. Qc8+ Kf7 20. Qxb7 Bg7 21.
Bxg7 Rxg7 22. h4 gxh4 23. Rxh4 Qa4 24. Ke1 Qc2 25. Qxa6 Qxb2 26. Be2 Rg8 27. f4
Qf6 28. Rh6 Rb8 29. Qa5 Rb1+ 30. Kf2 Rb2 31. Qe1 d4 32. Kg3 Rb3 33. Bf3 Rxe3
34. Qb4 Qg7 35. Rh2 Be4 36. Rf2 Bd5 37. Qc5 Rc3 38. Qa5 h5 39. g5 Qg6 40. Kg2
Rxf3 41. Rxf3 Qe4 0-1